Statistics for Played in the English Top Flight but Not the Premier League

Click here to take the quiz!

General Stats

  • This quiz has been taken 828 times
  • The average score is 6 of 14

Answer Stats

Clubs% Correct
Preston North End
79%
Notts County
65%
Bristol City
61%
Millwall
54%
Accrington
48%
Oxford United
46%
Bury
42%
Carlisle United
42%
Leyton Orient
38%
Northampton Town
33%
Grimsby Town
32%
Bradford (Park Avenue)
28%
Darwen
16%
Glossop North End (as “Glossop”)
12%

Score Distribution

Percentile by Number Answered

Percent of People with Each Score

Your Score History

You have not taken this quiz